[Event "Czech Open A"]
[Site "Pardubice CZE"]
[Date "2009.07.24"]
[Round "1"]
[White "Ageichenko,G"]
[Black "Tiemann,C"]
[Result "1-0"]
[WhiteElo "2375"]
[BlackElo "2217"]

1.e4 c5 2.Nf3 d6 3.d4 cxd4 4.Nxd4 Nf6 5.Nc3 a6 6.g3 Nc6 7.Bg2 Bd7 8.Nb3 e6
9.O-O Be7 10.h3 O-O 11.Be3 Ne5 12.Qe2 Qc7 13.Rad1 Rac8 14.f4 Nc4 15.Bc1 b5
16.a3 Nxa3 17.e5 Ne8 18.f5 Nc4 19.f6 gxf6 20.exf6 Nxf6 21.Nd4 Ne5 22.Bh6 Rfe8
23.Rf2 b4 24.Ne4 Nxe4 25.Bxe4 f5 26.Bg2 Bf8 27.Qh5 Qd8 28.g4 Bxh6 29.Qxh6 fxg4
30.Rdf1 Qe7 31.Be4 Qg7 32.Qh4 Rc4 33.c3 bxc3 34.bxc3 gxh3+ 35.Kh1 Ng6 36.Bxg6 Rxd4
37.Rf8+ Rxf8 38.Rxf8+  1-0

[Event "ZMD Open"]
[Site "Dresden GER"]
[Date "2009.07.25"]
[Round "1"]
[White "Baklan,V"]
[Black "Teuchert,S"]
[Result "1-0"]
[WhiteElo "2639"]
[BlackElo "1915"]

1.e4 c5 2.Nf3 d6 3.d4 cxd4 4.Nxd4 Nf6 5.Nc3 a6 6.g3 e6 7.Bg2 Be7 8.O-O O-O
9.Be3 Qc7 10.f4 Nbd7 11.a4 Rb8 12.g4 Nb6 13.g5 Nfd7 14.Kh1 Nc4 15.Bc1 b6
16.Rf3 Bb7 17.b3 Na5 18.Rh3 g6 19.Qg4 Rfe8 20.Nxe6 fxe6 21.Qxe6+ Kg7 22.Bb2 Bf6
23.gxf6+ Nxf6 24.Qxf6+  1-0

[Event "Continental ch-Americas"]
[Site "Sao Paulo BRA"]
[Date "2009.07.25"]
[Round "1"]
[White "Ivanov,AV USA"]
[Black "Veit,D"]
[Result "1-0"]
[WhiteElo "2527"]
[BlackElo "2105"]

1.e4 c5 2.Nf3 d6 3.d4 cxd4 4.Nxd4 Nf6 5.Nc3 a6 6.g3 b5 7.Bg2 Bb7 8.O-O e6
9.Re1 Be7 10.e5 dxe5 11.Bxb7 exd4 12.Bxa8 dxc3 13.Qxd8+ Bxd8 14.bxc3 Ba5
15.Bd2 Ke7 16.a4  1-0

[Event "13th Battle of Senta Open A"]
[Site "Senta SRB"]
[Date "2009.07.25"]
[Round "9"]
[White "Zivkovic,S"]
[Black "Stankovic,Milo"]
[Result "1/2-1/2"]
[WhiteElo "1688"]
[BlackElo "2306"]

1.e4 c5 2.Nf3 d6 3.d4 cxd4 4.Nxd4 Nf6 5.Nc3 a6 6.g3 e5 7.Nde2 Be7 8.Bg2 Nbd7
9.h3 b5 10.g4 b4 11.Nd5 Nxd5 12.exd5 Bg5 13.a3 Rb8 14.b3 Bxc1 15.Qxc1 a5
16.axb4 axb4 17.Ng3 Nc5 18.O-O O-O 19.f4 Qb6 20.Qe3 Ba6 21.Rf2 Nd7 22.Qxb6 Rxb6
23.f5 Rc8 24.Ne4 Bb7 25.Ra7 Rc7 26.g5 f6 27.h4 Nc5 28.Nd2 Ra6 29.Rxa6 Bxa6
30.Bf1 Ra7 31.gxf6 gxf6 32.Bxa6 Rxa6 33.Rg2+ Kf8 34.Nc4 Ne4 35.h5 Ra1+ 36.Kh2 Rf1
37.Rg4 Nc3 38.Nxd6 Nxd5 39.h6 Rf4 40.Rg7 Rh4+ 41.Kg3 Rxh6 42.Rf7+ Kg8 43.Rd7 Ne3
44.Rc7 Rh5 45.Rc8+ Kg7 46.Rc7+ Kf8 47.Rf7+ Kg8 48.Rxf6 Nxc2 49.Re6 Nd4 50.Rxe5 Rh6
51.Ne4 Nxb3 52.f6 Nd4 53.Rd5 Ne2+ 54.Kg4 Nc3 55.Nxc3 bxc3 56.Rc5 Rg6+ 57.Kf5 Rg3
58.Rc8+ Kf7 59.Rc7+  1/2-1/2

[Event "ZMD Open"]
[Site "Dresden GER"]
[Date "2009.07.27"]
[Round "3"]
[White "Baklan,V"]
[Black "Kelbling,P"]
[Result "1-0"]
[WhiteElo "2639"]
[BlackElo "2080"]

1.e4 c5 2.Nf3 d6 3.d4 cxd4 4.Nxd4 Nf6 5.Nc3 a6 6.g3 e6 7.Bg2 Be7 8.O-O Qc7
9.f4 Nc6 10.Kh1 Bd7 11.Nb3 h5 12.a4 Na5 13.Nd4 Rc8 14.h3 Rd8 15.Qe2 Bc8 16.Nf3 b6
17.Ng5 Nh7 18.Nxh7 Rxh7 19.f5 Nc4 20.fxe6 fxe6 21.e5 Nxe5 22.Qe4 Rh8 23.Bf4 Bf6
24.Rae1 Qc4 25.Qe3 Qc5 26.Ne4 Qxe3 27.Bxe3 Nc4 28.Nxf6+ gxf6 29.Bd4 Ne5 30.Rxf6 Ke7
31.Rf2 Nd7 32.Bxh8  1-0

[Event "Brama Lubawska"]
[Site "Lubawka POL"]
[Date "2009.07.29"]
[Round "1"]
[White "Sharapov,E"]
[Black "Jurkowski,M"]
[Result "1-0"]
[WhiteElo "2466"]
[BlackElo "1963"]

1.e4 c5 2.Nf3 d6 3.d4 cxd4 4.Nxd4 Nf6 5.Nc3 a6 6.g3 g6 7.Bg2 Bg7 8.O-O O-O
9.a4 Nfd7 10.a5 Nc6 11.Nb3 Rb8 12.Be3 b6 13.axb6 Nxb6 14.Nd4 Nxd4 15.Bxd4 e5
16.Bxb6 Qxb6 17.b3 Be6 18.Nd5 Bxd5 19.Qxd5 Rfc8 20.Ra2 Rc3 21.Rfa1 a5 22.Bf1 Rbc8
23.Bc4 Bh6 24.Qxf7+ Kh8 25.Rxa5 Qc7 26.Ra7 Qxf7 27.Rxf7 Rf8 28.Rd7 Rxc2 29.Raa7  1-0

[Event "ch-Africa"]
[Site "Tripoli LBA"]
[Date "2009.07.29"]
[Round "8"]
[White "Shabash,A"]
[Black "Arab,A"]
[Result "0-1"]
[WhiteElo "2193"]
[BlackElo "2432"]

1.e4 c5 2.Nf3 d6 3.d4 cxd4 4.Nxd4 Nf6 5.Nc3 a6 6.g3 e6 7.Bg2 Be7 8.O-O Qc7
9.Be3 O-O 10.Qe2 Nc6 11.Qc4 Ng4 12.Nxc6 bxc6 13.Bd4 a5 14.e5 dxe5 15.Bc5 Ba6
16.Qxg4 Bxc5 17.Rfe1 Rab8 18.Nd1 f5 19.Qg5 Rfd8 20.c3 e4 21.b3 Rd7 22.Ne3 Be7
23.Qh5 Bf6 24.Rec1 Rd2 25.Rab1 Be2 26.Qh3 Rxa2 27.Nxf5 exf5 28.Qxf5 Bd3 29.Bxe4 Bxe4
30.Qxe4 Qf7 31.Rc2 Rxc2 32.Qxc2 Rd8 33.b4 axb4 34.cxb4 Bd4 35.Rf1 Qd5 36.h3 Rb8
37.Rc1 Rf8 38.Qxc6 Bxf2+ 39.Kh2  0-1

[Event "Brama Lubawska"]
[Site "Lubawka POL"]
[Date "2009.07.30"]
[Round "3"]
[White "Sharapov,E"]
[Black "Malisauskas,V"]
[Result "1/2-1/2"]
[WhiteElo "2466"]
[BlackElo "2459"]

1.e4 c5 2.Nf3 d6 3.d4 cxd4 4.Nxd4 Nf6 5.Nc3 a6 6.g3 Bd7 7.Bg2 Nc6 8.O-O e6
9.a4 Be7 10.Kh1 O-O 11.f4 Nxd4 12.Qxd4 Bc6 13.a5 Rc8 14.Be3  1/2-1/2

[Event "Arctic Chess Challenge"]
[Site "Tromso NOR"]
[Date "2009.08.04"]
[Round "4"]
[White "Arvola,B"]
[Black "Smith,Bri"]
[Result "1-0"]
[WhiteElo "2144"]
[BlackElo "1774"]

1.e4 c5 2.Nf3 d6 3.d4 cxd4 4.Nxd4 Nf6 5.Nc3 a6 6.g3 b5 7.Bg2 Bb7 8.O-O b4
9.Nd5 e5 10.Nxf6+ Qxf6 11.Nb3 Qd8 12.Nd2 Be7 13.Nc4 Qc7 14.Ne3 Nd7 15.a3 bxa3
16.b3 g6 17.Bxa3 O-O 18.Qe2 Nf6 19.Qd3 Rfd8 20.Rfd1 a5 21.Bc1 Kg7 22.Bd2 Kg8
23.Ra4 Ba6 24.c4 Bb7 25.Rda1  1-0

[Event "Open"]
[Site "Ptuj SLO"]
[Date "2009.08.05"]
[Round "5"]
[White "Mestek,I"]
[Black "Podkriznik,G"]
[Result "1/2-1/2"]
[WhiteElo "2157"]
[BlackElo "2386"]

1.e4 c5 2.Nf3 d6 3.d4 cxd4 4.Nxd4 Nf6 5.Nc3 a6 6.g3 e5 7.Nde2 Be7 8.Bg2 O-O
9.O-O Qc7 10.h3 b5 11.a3 Nbd7 12.Be3 Nb6 13.g4 Bb7 14.g5 Nfd7 15.b3 Rac8
16.h4 Nc5 17.f4 exf4 18.Rxf4 Nbd7 19.Nd5 Bxd5 20.exd5 Rce8 21.Qd2 Bd8 22.Raf1 Qb7
23.Ng3 g6 24.Bd4 Bb6 25.Kh1 Ne5 26.b4 Ncd7 27.Ne4 Nc4 28.Qf2 Bxd4 29.Qxd4 Rxe4
30.Bxe4 Nde5 31.Qc3 Rc8 32.h5 Qe7 33.Qh3 Re8 34.hxg6 fxg6 35.Qe6+ Kg7 36.Qf6+ Qxf6
37.Rxf6  1/2-1/2

[Event "XXXV Open"]
[Site "Badalona ESP"]
[Date "2009.08.06"]
[Round "6"]
[White "Matsenko,S"]
[Black "Cruz,Cr"]
[Result "0-1"]
[WhiteElo "2432"]
[BlackElo "2525"]

1.e4 c5 2.Nf3 d6 3.d4 cxd4 4.Nxd4 Nf6 5.Nc3 a6 6.g3 e6 7.Bg2 Be7 8.O-O Qc7
9.h3 Nc6 10.Nde2 b5 11.a3 Bb7 12.g4 h6 13.Be3 Ne5 14.b3 g5 15.Qd2 h5 16.Bxg5 hxg4
17.hxg4 Rg8 18.f3 Rxg5 19.Qxg5 Qc5+ 20.Kh1 Nfxg4 21.Qd2 Ne3 22.Qd4 Qxd4 23.Nxd4 Nxf1
24.Rxf1 Kd7 25.Bh3 Rc8 26.Nce2 Nc6 27.Nxc6 Rxc6 28.c3 Rc7 29.Rd1 Ke8 30.b4 d5
31.Bg2 dxe4 32.fxe4 Bf6 33.Rd3 Rc4 34.Nd4 Kf8 35.Kg1 Rxc3  0-1

[Event "Open"]
[Site "Ptuj SLO"]
[Date "2009.08.06"]
[Round "6"]
[White "Gantar,J"]
[Black "Gruskovnjak,T"]
[Result "0-1"]
[WhiteElo "2011"]
[BlackElo "2363"]

1.e4 c5 2.Nf3 d6 3.d4 cxd4 4.Nxd4 Nf6 5.Nc3 a6 6.g3 e5 7.Nb3 Be7 8.Bg2 b5
9.a4 b4 10.Nd5 Nxd5 11.Qxd5 Ra7 12.Be3 Be6 13.Qd2 Rb7 14.O-O O-O 15.f4 Nd7
16.h3 Nf6 17.Rad1 Qc7 18.Rf2 Bd7 19.a5 Bc6 20.Bb6 Qc8 21.Qe3 Nd7 22.Bf1 Qa8
23.f5 Rxb6 24.axb6 Bd8 25.Ra1 Bxb6 26.Qd2 Bxf2+ 27.Qxf2 Bxe4 28.Rxa6 Qb8
29.Nd2 Bxc2 30.Nc4 b3 31.Nxd6 Qc7 32.Bc4 Nc5 33.Nxf7 Nxa6 34.Nxe5+ Kh8 35.Qf4 Qc5+
36.Kg2 Bxf5 37.Bxa6 Be6  0-1

[Event "IMA"]
[Site "Olomouc CZE"]
[Date "2009.08.07"]
[Round "3"]
[White "Tuma,Ji"]
[Black "Oparin,G"]
[Result "1/2-1/2"]
[WhiteElo "2288"]
[BlackElo "2350"]

1.e4 c5 2.Nf3 d6 3.d4 cxd4 4.Nxd4 Nf6 5.Nc3 a6 6.g3 e5 7.Nde2 Be7 8.Bg2 O-O
9.O-O Nbd7 10.h3 b5 11.g4 Bb7 12.Ng3 Nc5 13.Be3 g6 14.Qd2 Rc8 15.Kh2 b4 16.Nd5 Nxd5
17.exd5 a5 18.f4 exf4 19.Bxf4 Bf6 20.Rab1 Rc7 21.a3 Ba6 22.Rf3 Rb7 23.axb4 axb4
24.b3 Re8 25.Re1 Rxe1 26.Qxe1 Bc3 27.Qc1 Qd7 28.Re3 Rb8 29.Ne2 Bxe2 30.Rxe2 f6
31.g5 fxg5 32.Bxg5 Qf5 33.Bf4 Qf6 34.Qe3 Rf8 35.Bg3 h5 36.Rf2 Qd8 37.Qh6 Rf6
38.Qg5 Kg7 39.Rxf6 Bxf6 40.Qe3 Bc3 41.Qf4 Be5 42.Qxb4 Bxg3+ 43.Kxg3 Qg5+
44.Kh2 Qe5+ 45.Kh1 Qa1+  1/2-1/2

[Event "A2Bmedialtd.com Int Gp C"]
[Site "Uxbridge ENG"]
[Date "2009.08.14"]
[Round "5"]
[White "McKenna,Jas"]
[Black "Gormally,D"]
[Result "0-1"]
[WhiteElo "2146"]
[BlackElo "2490"]

1.e4 c5 2.Nf3 d6 3.d4 cxd4 4.Nxd4 Nf6 5.Nc3 a6 6.g3 e6 7.Bg2 Qc7 8.O-O Nc6
9.Be3 Be7 10.Qe2 O-O 11.Rad1 Bd7 12.Nb3 Ne5 13.h3 Rac8 14.f4 Nc4 15.Bc1 b5
16.Kh1 b4 17.Nb1 e5 18.c3 Bb5 19.Qf2 a5 20.Rfe1 Rfd8 21.N3d2 Nxd2 22.Bxd2 Bc6
23.cxb4 Qb7 24.Nc3 axb4 25.Nd5 Nxd5 26.exd5 Bxd5 27.fxe5 dxe5 28.Rxe5 Bxg2+
29.Qxg2 Qxg2+ 30.Kxg2 Bf8 31.Re2 f6 32.Rde1 Ra8 33.Ra1 Rd5 34.Be1 Rda5 35.b3 Ra3
36.Re4 Rxa2+ 37.Rxa2 Rxa2+ 38.Kh1 Bd6 39.Re3 Rb2 40.g4 Bc5  0-1

[Event "24th Open"]
[Site "Schwarzach AUT"]
[Date "2009.08.21"]
[Round "7"]
[White "Neulinger,M"]
[Black "Schnegg,D"]
[Result "1/2-1/2"]
[WhiteElo "2299"]
[BlackElo "2092"]

1.e4 c5 2.Nf3 d6 3.d4 cxd4 4.Nxd4 Nf6 5.Nc3 a6 6.g3 e6 7.Bg2 Be7 8.O-O O-O
9.h3 Qc7 10.a4 Nc6 11.Re1 Rb8 12.Kh2 Bd7 13.f4 Qb6 14.Nb3 Na5 15.Be3 Qc7
16.Nxa5 Qxa5 17.e5 Ne8 18.Qd2 Qc7 19.a5 Qc8 20.Ba7 Ra8 21.Bb6 Bc6 22.Ne4 dxe5
23.fxe5 f6 24.Nd6 Qd7 25.Rad1 Bd8 26.Nc4 Qxd2 27.Rxd2 Bxg2 28.Kxg2 Bc7 29.exf6 Rxf6
30.Rd7 Rc8 31.Bxc7 Rxc7 32.Rxc7 Nxc7 33.Nd6 Rf8 34.c4 Rd8 35.c5 Ne8 36.Rxe6 Nxd6
37.cxd6 Rd7  1/2-1/2

[Event "XXVI Open A"]
[Site "Collado Villalba ESP"]
[Date "2009.08.23"]
[Round "3"]
[White "Enjuto Velasco,R"]
[Black "Vazquez Igarza,R"]
[Result "0-1"]
[WhiteElo "2202"]
[BlackElo "2570"]

1.e4 c5 2.Nf3 d6 3.d4 cxd4 4.Nxd4 Nf6 5.Nc3 a6 6.g3 e5 7.Nde2 Nbd7 8.a4 b6
9.Bg2 Bb7 10.O-O Rc8 11.h3 h6 12.g4 Nc5 13.Ng3 Ne6 14.Be3 g6 15.Qd2 h5 16.f3 Nd7
17.Rad1 h4 18.Nge2 Be7 19.f4 exf4 20.Nxf4 O-O 21.Nfd5 Bg5 22.Bxg5 Nxg5 23.Qf4 Bxd5
24.Nxd5 Rc6 25.Nb4 Rc4 26.Nd5 Rxe4 27.Qxd6 Re6 28.Qxd7 Qxd7 29.Nf6+ Rxf6
30.Rxd7 Re6 31.Rd4 Kg7  0-1

[Event "FSGM September"]
[Site "Budapest HUN"]
[Date "2009.09.06"]
[Round "2"]
[White "Czebe,A"]
[Black "Szabo,Krisz1"]
[Result "1/2-1/2"]
[WhiteElo "2485"]
[BlackElo "2489"]

1.e4 c5 2.Nf3 d6 3.d4 cxd4 4.Nxd4 Nf6 5.Nc3 a6 6.g3 e6 7.Bg2 Bd7 8.O-O Be7
9.f4 Nc6 10.Nb3 b5 11.Be3 Rb8 12.a3 Qc7 13.Qe2 O-O 14.g4 Bc8 15.g5 Nd7 16.Rf3 Re8
17.Raf1 Bf8 18.Rh3 g6 19.f5 b4  1/2-1/2

[Event "ch-RUS HL"]
[Site "Ulan Ude RUS"]
[Date "2009.09.09"]
[Round "7"]
[White "Belov,Vl"]
[Black "Gabrielian,A"]
[Result "0-1"]
[WhiteElo "2624"]
[BlackElo "2513"]

1.e4 c5 2.Nf3 d6 3.d4 cxd4 4.Nxd4 Nf6 5.Nc3 a6 6.g3 e6 7.Bg2 Be7 8.O-O O-O
9.a4 Nc6 10.Nb3 Qc7 11.a5 Bd7 12.Be3 Ne5 13.Bb6 Qc8 14.Nd2 Nc4 15.Nxc4 Qxc4
16.Re1 Rac8 17.e5 dxe5 18.Bxb7 Rb8 19.Bg2 Bc5 20.Ne4 Bxb6 21.Nxf6+ gxf6 22.axb6 Rfd8
23.Qd6 Bb5 24.Qe7 Kg7 25.Re4 Rd4 26.Rae1 Qxc2 27.h4 Rxb6 28.Rxd4 exd4 29.Re4 Qd1+
30.Kh2 e5 31.Qd8 Re6 32.Bh3 Re8 33.Qd6 h5 34.Qb4 Qf3 35.Qe1 Bd3 36.Bg2 Qf5
37.Rxd4 exd4 38.Qxe8 Qxf2  0-1

[Event "ch-NED w"]
[Site "Haaksbergen NED"]
[Date "2009.09.13"]
[Round "2"]
[White "Munnik,T"]
[Black "De Mie,M"]
[Result "0-1"]
[WhiteElo "2009"]
[BlackElo "2192"]

1.e4 c5 2.Nf3 d6 3.d4 cxd4 4.Nxd4 Nf6 5.Nc3 a6 6.g3 e5 7.Nb3 Be7 8.Bg2 b5
9.a4 Bb7 10.axb5 axb5 11.Rxa8 Bxa8 12.Qe2 b4 13.Nd5 Nxd5 14.exd5 Nd7 15.Qg4 Qc7
16.Qxg7 Bf6 17.Qg4 Qxc2 18.Qxb4 Nc5 19.Qb8+ Ke7 20.Qc7+ Ke8 21.Qc8+ Bd8 22.Nxc5 Qxc1+
23.Ke2 Qxc5 24.Qxa8 Qc2+ 25.Ke1 Qc1+ 26.Ke2 Qxb2+ 27.Kd3 Qd4+ 28.Ke2 Qc4+
29.Ke1 Ke7 30.Qa7+ Kf6 31.Qa3 Kg7 32.h4 Bb6 33.Bf3 Bc5 34.Qb2 Bb4+ 35.Kd1 Qd3+  0-1

[Event "FSIMA September"]
[Site "Budapest HUN"]
[Date "2009.09.14"]
[Round "10"]
[White "Lorand,N"]
[Black "Feher,Ad"]
[Result "1/2-1/2"]
[WhiteElo "2339"]
[BlackElo "2224"]

1.e4 c5 2.Nc3 d6 3.Nge2 Nf6 4.d4 cxd4 5.Nxd4 a6 6.g3 e6 7.Bg2 Be7 8.O-O Qc7
9.Re1 Nc6 10.Nxc6 bxc6 11.e5 dxe5 12.Rxe5 O-O 13.Re1 Rd8 14.Qe2 Bb7 15.Bf4 Qb6
16.Rab1 Nd5 17.Bd2 c5 18.a3 Nf6 19.Bg5 Bxg2 20.Kxg2 h6 21.Be3 Qc6+ 22.Kg1 Rd7
23.Red1 Rad8 24.Rxd7 Nxd7 25.Bf4 g5 26.Bd2 Ne5 27.Qxe5 Rxd2 28.Rc1 a5 29.Ne4 Rd5
30.Qc3 Rf5  1/2-1/2

[Event "18th TCh-CRO b"]
[Site "Sibenik CRO"]
[Date "2009.09.21"]
[Round "1"]
[White "Mrdja,M"]
[Black "Jakovljevic,Vlado"]
[Result "1-0"]
[WhiteElo "2393"]
[BlackElo "2416"]

1.e4 c5 2.Nf3 d6 3.d4 Nf6 4.Nc3 cxd4 5.Nxd4 a6 6.g3 e6 7.Bg2 Qc7 8.O-O Nc6
9.Re1 Rb8 10.a4 Be7 11.h3 O-O 12.g4 Re8 13.Kh1 Nxd4 14.Qxd4 b6 15.Qd1 Bb7
16.g5 Nd7 17.f4 Bf8 18.h4 Bc6 19.Be3 b5 20.axb5 axb5 21.Ne2 Nc5 22.Ng3 b4
23.b3 Qb7 24.Bf2 Rbd8 25.Ra5 Ra8 26.Rxa8 Rxa8 27.Kg1 Rd8 28.Bxc5  1-0

[Event "Unive Open"]
[Site "Hoogeveen NED"]
[Date "2009.10.19"]
[Round "4"]
[White "Mellema,A"]
[Black "Ypma,P"]
[Result "1-0"]
[WhiteElo "2125"]
[BlackElo "2052"]

1.e4 c5 2.Nf3 d6 3.Nc3 a6 4.d4 cxd4 5.Nxd4 Nf6 6.g3 e5 7.Nb3 Be7 8.Bg2 b5
9.Nd5 Nc6 10.Nxe7 Nxe7 11.Bg5 Bb7 12.Bxf6 gxf6 13.Qd2 a5 14.a4 f5 15.O-O fxe4
16.Rfd1 Nf5 17.Qe2 bxa4 18.Rxa4 Bc6 19.Rxe4 Qb6 20.Rxe5+  1-0

[Event "Guernsey Open"]
[Site "Guernsey GCI"]
[Date "2009.10.23"]
[Round "6"]
[White "Gregg,A"]
[Black "Morcom,H"]
[Result "1-0"]
[WhiteElo "2140"]
[BlackElo "1965"]

1.e4 c5 2.Nf3 d6 3.d4 cxd4 4.Nxd4 Nf6 5.Nc3 a6 6.g3 g6 7.Bg2 Bg7 8.O-O O-O
9.h3 Nbd7 10.Nde2 Rb8 11.a4 b6 12.Be3 Bb7 13.Qd2 Ne5 14.b3 Qc7 15.Rac1 Rbc8
16.Bh6 Rfd8 17.Bxg7 Kxg7 18.Nd5 Nxd5 19.exd5 b5 20.axb5 axb5 21.Qd4 Qc5 22.f4 Qxd4+
23.Nxd4 Nd7 24.Nxb5 Rc5 25.c4 Nb6 26.Nd4 Rdc8 27.Rfe1 Kf8 28.Re3 Ra5 29.Rce1 Re8
30.f5 Nd7 31.g4 Ne5 32.Nf3 f6 33.Nxe5 dxe5 34.fxg6 hxg6 35.g5 Kg7 36.gxf6+ exf6
37.b4 Ra4 38.Rb3 Rc8 39.c5 Rd8 40.c6 Bc8 41.b5  1-0

[Event "WJun"]
[Site "Puerto Madryn ARG"]
[Date "2009.10.23"]
[Round "2"]
[White "Crespo,E"]
[Black "Ondrus,M"]
[Result "1-0"]
[WhiteElo "2019"]
[BlackElo "2304"]

1.e4 c5 2.Nf3 d6 3.d4 cxd4 4.Nxd4 Nf6 5.Nc3 a6 6.g3 e6 7.Bg2 Bd7 8.O-O Nc6
9.a4 Be7 10.Re1 O-O 11.Be3 Rc8 12.Nxc6 Bxc6 13.a5 Nd7 14.Na4 Bxa4 15.Rxa4 Qc7
16.c4 Bf6 17.Bd4 Bxd4 18.Qxd4 Nc5 19.Ra3 Rfd8 20.Rc1 Qe7 21.b4 e5 22.Qd2 Ne6
23.Bh3 Rc7 24.Bxe6 Qxe6 25.Rd3 Rcd7 26.Rd5 h6 27.Rd1 Kf8 28.Qe3 f6 29.Kg2 Rc8
30.c5 Rcd8 31.cxd6 Rxd6 32.Qc5 Ke7 33.f4 exf4 34.e5 f3+ 35.Kf2  1-0

[Event "Chigorin Mem Open"]
[Site "St Petersburg RUS"]
[Date "2009.10.23"]
[Round "8"]
[White "Yankovsky,R"]
[Black "Rozum,I"]
[Result "1-0"]
[WhiteElo "2314"]
[BlackElo "2457"]

1.e4 c5 2.Nf3 d6 3.d4 cxd4 4.Nxd4 Nf6 5.Nc3 a6 6.g3 e5 7.Nb3 Bg4 8.Qd3 Nbd7
9.Bg5 Be7 10.f4 exf4 11.gxf4 Nh5 12.Bxe7 Qxe7 13.Qe3 O-O 14.Rg1 Be6 15.O-O-O Qh4
16.Ne2 Ndf6 17.h3 Rfe8 18.Nbd4 Nd7 19.Rg5 Nhf6 20.Ng3 g6 21.Nf3 Qh6 22.f5 Bxf5
23.Nxf5 Qf8 24.Nxd6 Re6 25.e5 Nxe5 26.Nxe5 Rxd6 27.Rxd6 Qxd6 28.Bc4 Rd8 29.Rg1 Nd5
30.Qd4 b5 31.Bb3 Nf6 32.Qxd6 Rxd6 33.Rd1  1-0

[Event "WJun"]
[Site "Puerto Madryn ARG"]
[Date "2009.10.26"]
[Round "6"]
[White "Crespo,E"]
[Black "Vishnu,P"]
[Result "0-1"]
[WhiteElo "2019"]
[BlackElo "2342"]

1.e4 c5 2.Nf3 d6 3.d4 cxd4 4.Nxd4 Nf6 5.Nc3 a6 6.g3 e5 7.Nde2 Nbd7 8.a4 b6
9.Bg2 Bb7 10.h3 Rc8 11.g4 Nc5 12.Ng3 g6 13.O-O Ne6 14.Be3 h5 15.Nd5 Bxd5
16.exd5 Nf4 17.Bxf4 exf4 18.Qe2+ Be7 19.g5 Nd7 20.Ne4 Ne5 21.h4 O-O 22.f3 f6
23.Bh3 Rc7 24.c3 fxg5 25.hxg5 Bxg5 26.Qxa6 Rc4 27.Nd2 Rc5 28.Ne4 Ra5 29.Qe2 Bh4
30.b4 Ra7 31.c4 g5 32.Be6+ Kh8 33.c5 bxc5 34.bxc5 g4 35.fxg4 Rg7 36.Nxd6 Nxg4
37.Bxg4 Rxg4+ 38.Kh1 Bg3 39.Qb2+ Rg7 40.Kg2 f3+  0-1

[Event "17th TCh-Eur"]
[Site "Novi Sad SRB"]
[Date "2009.10.28"]
[Round "7"]
[White "Fressinet,L"]
[Black "Wojtaszek,R"]
[Result "1/2-1/2"]
[WhiteElo "2658"]
[BlackElo "2640"]

1.e4 c5 2.Nc3 d6 3.Nge2 Nf6 4.d4 cxd4 5.Nxd4 a6 6.g3 e5 7.Nde2 b5 8.Bg2 Bb7
9.O-O Nbd7 10.a4 b4 11.Nd5 Nxd5 12.exd5 a5 13.c3 bxc3 14.Nxc3 Be7 15.Be3 O-O
16.Nb5 Ba6 17.Qd2 Rb8 18.b4 axb4 19.Qxb4 f5 20.Rac1 f4 21.gxf4 exf4 22.Bxf4 Nc5
23.Rfd1 Nxa4 24.Qxa4 Bxb5 25.Qe4 Rxf4 26.Qxf4 Bg5 27.Qe4  1/2-1/2

[Event "WJun"]
[Site "Puerto Madryn ARG"]
[Date "2009.10.31"]
[Round "10"]
[White "Crespo,E"]
[Black "Salinas Herrera,P"]
[Result "0-1"]
[WhiteElo "2019"]
[BlackElo "2129"]

1.e4 c5 2.Nf3 d6 3.d4 cxd4 4.Nxd4 Nf6 5.Nc3 a6 6.g3 e6 7.Bg2 Bd7 8.O-O Nc6
9.a4 Be7 10.Be3 O-O 11.Re1 Ne5 12.h3 Qc7 13.f4 Nc4 14.Bc1 e5 15.Nf3 b5 16.Nd5 Nxd5
17.exd5 bxa4 18.b3 Nb6 19.Ba3 Bf5 20.Rc1 exf4 21.Nd4 Bc8 22.gxf4 Bf6 23.Qd3 Bb7
24.Nf5 Rfd8 25.Re3 g6 26.Nh6+ Kf8 27.Ng4 Bg7 28.Rf1 Rac8 29.Re2 Qc3 30.Qxc3 Bxc3
31.f5 Bxd5 32.fxg6 hxg6 33.Bxd5 Nxd5 34.bxa4 Rc4 35.Bc1 Bg7 36.Bg5 Rdc8 37.Rd2 Rd4
38.Rfd1 Rcc4 39.Kh1 f5 40.Bh6 Rxd2 41.Bxg7+ Kxg7 42.Rxd2 fxg4 43.Rxd5 gxh3
44.Rxd6 Rxa4 45.Kh2 Ra3 46.c4 g5 47.c5 a5 48.c6 Rc3 49.Rd5 Kg6 50.Rxa5 Kh5
51.c7 Kh4 52.Ra8 Rxc7  0-1

[Event "13th OIBM"]
[Site "Bad Wiessee GER"]
[Date "2009.11.01"]
[Round "2"]
[White "Souleidis,G"]
[Black "Fischer,G1"]
[Result "1-0"]
[WhiteElo "2429"]
[BlackElo "2122"]

1.e4 c5 2.Nf3 d6 3.d4 cxd4 4.Nxd4 Nf6 5.Nc3 a6 6.g3 e5 7.Nb3 Be7 8.a4 Be6
9.Bg2 Nbd7 10.O-O O-O 11.Re1 Rc8 12.Nd2 Qc7 13.Nf1 Rfd8 14.Ne3 Nb6 15.Ncd5 Nfxd5
16.exd5 Bd7 17.b3 a5 18.c4 f5 19.Ba3 Rf8 20.Qd2 Ra8 21.Rad1 Nc8 22.c5 Bg5
23.f4 exf4 24.Nc4 Qd8 25.gxf4 Bh4 26.c6 Bxe1 27.Rxe1 bxc6 28.dxc6 Be8 29.c7 Qxc7
30.Qd5+  1-0

[Event "IV Open"]
[Site "Bogota COL"]
[Date "2009.11.01"]
[Round "6"]
[White "Morales,Jh"]
[Black "Renteria,J"]
[Result "1-0"]
[WhiteElo "2262"]
[BlackElo "2248"]

1.e4 c5 2.Nf3 d6 3.d4 cxd4 4.Nxd4 Nf6 5.Nc3 a6 6.g3 e5 7.Nb3 Nbd7 8.Bg2 b5
9.O-O Be7 10.a4 b4 11.Nd5 Nxd5 12.exd5 a5 13.Bd2 Ba6 14.Re1 Bc4 15.c3 bxc3
16.Bxc3 Bxb3 17.Qxb3 O-O 18.Qb5 Nc5 19.b4 axb4 20.Bxb4 Rb8 21.Qc4 Qd7 22.Reb1 Qf5
23.Qf1 Nd3 24.Bd2 e4 25.Qe2 Rxb1+ 26.Rxb1 Nc5 27.Rb4 Qxd5 28.Bxe4 Nxe4 29.Rxe4 Bd8
30.Bc3 Qc6 31.Rc4 Qd5 32.Rg4 g6 33.Re4 Qc6 34.Qc4 Qxc4 35.Rxc4 Bb6 36.a5 Bc5
37.Ra4 Ra8 38.Kf1 Kf8 39.Re4 f5 40.Re2 Re8 41.Rxe8+ Kxe8 42.Ke2 Kd7 43.Kd3 Kc6  1-0

[Event "UTD Invitational B"]
[Site "Dallas USA"]
[Date "2009.11.21"]
[Round "1"]
[White "Safin,A"]
[Black "Bryant,J"]
[Result "1-0"]
[WhiteElo "2115"]
[BlackElo "2359"]

1.e4 c5 2.Nf3 d6 3.d4 cxd4 4.Nxd4 Nf6 5.Nc3 a6 6.g3 e6 7.Bg2 Be7 8.O-O Qc7
9.Be3 O-O 10.Qe2 Nc6 11.f4 Bd7 12.a4 Nxd4 13.Bxd4 Bc6 14.Kh1 e5 15.Bg1 exf4
16.Rxf4 Rae8 17.Bd4 Nd7 18.Rd1 Bf6 19.Bxf6 Nxf6 20.Qd3 Re6 21.Qd4 Rfe8 22.b4 b6
23.Kg1 h6 24.Bh3 Re5 25.Qxd6 Qb7 26.Bf5 Nh5 27.Rf2 g6 28.Bg4 Ng7 29.Bf3 h5
30.Bg2 R8e6 31.Qd8+ Kh7 32.Qf8 f5 33.b5 axb5 34.axb5 Bxe4 35.Nxe4 Rxe4 36.Re2 Re8
37.Bxe4 fxe4 38.Qd6 e3 39.Qd7 Qf3 40.Rde1 h4 41.gxh4 Re4 42.Rg2 Kh6 43.Qd8 Kh7
44.Qg5 Re6 45.Qg4 Qd5 46.c4 Qc5 47.h5 Qb4 48.hxg6+ Kg8 49.Rf1 Qc5 50.Kh1 Qe5
51.Qf3 Re8 52.Qf7+ Kh8 53.Qf8+  1-0

[Event "TCh-NED 2009-10"]
[Site "Netherlands NED"]
[Date "2009.11.21"]
[Round "3"]
[White "Okkes,M"]
[Black "Spoelman,W"]
[Result "1/2-1/2"]
[WhiteElo "2383"]
[BlackElo "2554"]

1.e4 c5 2.Nf3 d6 3.d4 cxd4 4.Nxd4 Nf6 5.Nc3 a6 6.g3 e5 7.Nb3 Be7 8.Bg2 O-O
9.O-O Be6 10.a4 Nbd7 11.Re1 Rc8 12.a5 h6 13.h3 Qc7 14.Be3 Rfd8 15.Nd2 Bf8
16.Nf1 Nc5 17.g4 Qc6 18.Nd5 Nfxe4 19.Nb6 d5 20.Nxc8 Qxc8 21.f3 Nf6 22.Bf2 Bd6
23.Bg3 Qc7 24.Qe2 Ncd7 25.c3 d4 26.cxd4 exd4 27.Rac1 Nc5 28.b4 Bxg3 29.Rxc5 Qd6
30.Nxg3 Qxg3 31.Qe5 Qh4 32.Rd1 d3 33.Qe3 Qg3 34.Rxd3 Rxd3 35.Qxd3 Qe1+ 36.Bf1 Qxb4
37.Qc3 Qf4 38.Bg2 g5 39.Qe5 Qd2 40.Qc3 Qd1+ 41.Bf1 Qd6 42.Qe5 Qd2 43.Rc7 Nd7
44.Rc8+ Nf8 45.Rb8 Qc1 46.Qd6 Bc8 47.Qd8 Qc5+ 48.Kg2 Be6 49.Rxb7 Qc2+ 50.Kg3 Qc5
51.Rb8 Qg1+ 52.Bg2 Qe1+ 53.Kh2 Qe5+ 54.Kg1 Qe3+  1/2-1/2

[Event "IV Open"]
[Site "Palma ESP"]
[Date "2009.11.22"]
[Round "3"]
[White "Cabrera Trujillo,J"]
[Black "Henrichs,W"]
[Result "1-0"]
[WhiteElo "2380"]
[BlackElo "2039"]

1.e4 c5 2.Nf3 d6 3.d4 cxd4 4.Nxd4 Nf6 5.Nc3 a6 6.g3 e5 7.Nb3 Nbd7 8.a4 b6
9.Bg2 Bb7 10.O-O Rc8 11.Re1 Be7 12.Nd2 O-O 13.Nf1 Nc5 14.Bg5 Ne6 15.Bxf6 Bxf6
16.Ne3 Bg5 17.Ncd5 g6 18.c3 h5 19.Qb3 Bxe3 20.Nxe3 Nc5 21.Qc2 b5 22.axb5 axb5
23.Rad1 Qb6 24.h4 Kg7 25.Kh2 Ra8 26.b4 Na4 27.Rd3 Rfc8 28.Qd2 Ra6 29.Rc1 Qa7
30.Rxd6 Nb6 31.Nf5+ gxf5 32.Qg5+ Kf8 33.Rh6 Ke8 34.Rh8+ Kd7 35.Qxf5+ Kc6
36.Rh6+ Kc7 37.Qxe5+ Kd8 38.Rh8+ Kd7 39.Bh3+ Kc6 40.Qc5+  1-0

[Event "UTD Invitational B"]
[Site "Dallas USA"]
[Date "2009.11.23"]
[Round "3"]
[White "Safin,A"]
[Black "Vedrickas,T"]
[Result "0-1"]
[WhiteElo "2115"]
[BlackElo "2272"]

1.e4 c5 2.Nf3 d6 3.d4 cxd4 4.Nxd4 Nf6 5.Nc3 a6 6.g3 g6 7.Bg2 Bg7 8.O-O O-O
9.a4 Bg4 10.f3 e5 11.Nb3 Be6 12.f4 Nc6 13.Kh1 Qd7 14.Nd5 Bg4 15.Qe1 Nxd5
16.exd5 Nd4 17.Rf2 Rac8 18.Nxd4 exd4 19.Qb4 Bf5 20.c3 dxc3 21.Ra3 Rfe8 22.bxc3 Re1+
23.Rf1 Rce8 24.Qc4 b5 25.axb5 axb5 26.Qc6 Qxc6 27.dxc6 Bd3 28.Rg1 b4 29.cxb4 Bd4
30.Be3 R8xe3 31.Ra8+ Kg7 32.h4  0-1

[Event "UTD Invitational B"]
[Site "Dallas USA"]
[Date "2009.11.26"]
[Round "6"]
[White "Bayaraa,Z"]
[Black "Vedrickas,T"]
[Result "0-1"]
[WhiteElo "2194"]
[BlackElo "2272"]

1.e4 c5 2.Nf3 d6 3.d4 cxd4 4.Nxd4 Nf6 5.Nc3 a6 6.g3 e5 7.Nde2 b5 8.Bg2 Nbd7
9.h3 b4 10.Nd5 Nxd5 11.exd5 g6 12.Be3 Bg7 13.Qd2 O-O 14.Qxb4 Rb8 15.Qxd6 Rxb2
16.Qc6 e4 17.O-O Ne5 18.Qa4 Nf3+ 19.Kh1 Qxd5 20.Rad1 Rxa2 21.Rxd5 Rxa4 22.Bc5 Be6
23.Bxf8 Bxd5 24.Bxg7 Kxg7 25.Nc3 Ra5 26.Nxd5 Rxd5 27.Rc1 Nd2 28.g4 f5 29.Ra1 Rd6
30.Ra4 Kf6 31.gxf5 gxf5 32.Kh2 Ke5 33.h4 Kf4 34.Ra5 Rc6 35.h5 Rxc2 36.Rxa6 Nf3+
37.Bxf3 Kxf3 38.Ra7 e3  0-1